000 00651nam a22002177a 4500
005 20190802134556.0
008 190802b xxu||||| |||| 00| 0 eng d
020 _a8173042950
_cRs.250.00
040 _aLoreto College
041 _aEnglish
082 _a954
_bSAH
245 _aLand systems and rural society in early India
_cEdited by Bhairabi Prasad Sahu
260 _aNew Delhi
_bManohar
_c2004
300 _axiv,380p
_b22cm
440 _aReadings in early Indian history
504 _aIncludes bibliographical references
650 _aAgrarian history
_zIndia,early
700 _4ed.
_aSahu,Bhairabi Prasad
850 _aLCLIB
942 _cBK
999 _c42313
_d92792